Sander Wijnants. (Record no. 4905)

MARC details
000 -LEADER
fixed length control field 00967cam a22002411 4500
001 - CONTROL NUMBER
control field af 48002176
003 - CONTROL NUMBER IDENTIFIER
control field DLC
005 - DATE AND TIME OF LATEST TRANSACTION
control field 20260227110854.0
008 - FIXED-LENGTH DATA ELEMENTS--GENERAL INFORMATION
fixed length control field 850403s1943 be f 000 0 dut c
010 ## - LIBRARY OF CONGRESS CONTROL NUMBER
LC control number af 48002176
035 ## - SYSTEM CONTROL NUMBER
System control number (OCoLC)11882676
040 ## - CATALOGING SOURCE
Original cataloging agency New York. Public Libr.
Transcribing agency CLU
Modifying agency DLC
042 ## - AUTHENTICATION CODE
Authentication code premarc
050 00 - LIBRARY OF CONGRESS CALL NUMBER
Classification number ND673.W9
Item number P6
100 1# - MAIN ENTRY--PERSONAL NAME
Personal name Poortere, A. de.
245 00 - TITLE STATEMENT
Title Sander Wijnants.
Remainder of title Uitg. in opdracht van de Vereeniging voor Kunstverspreiding "Levet Scone."
260 ## - PUBLICATION, DISTRIBUTION, ETC.
Place of publication, distribution, etc. Antwerpen,
Name of publisher, distributor, etc. Standaard-Boekhandel
Date of publication, distribution, etc. [1943]
300 ## - PHYSICAL DESCRIPTION
Extent 30 p.
Other physical details 8 plates.
Dimensions 20 cm.
440 #0 - SERIES STATEMENT/ADDED ENTRY--TITLE
Title Kunstenaars van heden
Volume/sequential designation [reeks 2]
500 ## - GENERAL NOTE
General note "Deze lezing werd gehouden bijgelegenheid van de opening der tentoonstelling gewijd aan het werk van Sander Wijnants, op 23 October 1943, ingericht door het Stadsvestuur van Antwerpen, in het 'Stedelijk Kunstsalon.'"
600 10 - SUBJECT ADDED ENTRY--PERSONAL NAME
Personal name Wynants, Sander,
Dates associated with a name 1903-
710 2# - ADDED ENTRY--CORPORATE NAME
Corporate name or jurisdiction name as entry element Vereeniging voor kinstverspreiding "Levet scone."

No items available.

Powered by Koha